Komparácia spôsobov účtovania zásob v podnikateľskej účtovnej jednotke - spôsob A a spôsob B diplomová práca

Salvato in:
Dettagli Bibliografici
Autore principale: Parobeková, Martina
Ente Autore: Fakulta hospodárskej informatiky EU. Katedra účtovníctva a audítorstva
Altri autori: Novák, Jaromír, 1978-
Natura: Libro
Lingua:slovacco
Pubblicazione: Bratislava 2009
Tags: Aggiungi Tag
Nessun Tag, puoi essere il primo ad aggiungerne!!

MARC

LEADER 00000nam$a2200000$$$4500
001 0097721
005 20240318134658.4
041 0 |a slo 
044 |a SK 
245 1 0 |a Komparácia spôsobov účtovania zásob v podnikateľskej účtovnej jednotke - spôsob A a spôsob B  |b diplomová práca  |c Martina Parobeková ; škol. Jaromír Novák 
264 1 |a Bratislava  |c 2009 
300 |a 73 s. 
100 1 |a Parobeková, Martina 
700 1 |a Novák, Jaromír, 1978- 
710 2 |a Fakulta hospodárskej informatiky EU. Katedra účtovníctva a audítorstva